Strzelcy bramek w 1 kolejce Premier League 2021/22. - Statystyki

Ogólne statystyki
  • Ten quiz został rozwiązany 56 razy
  • Średni wynik to 14 z 34
Statystyki odpowiedzi
Mecz Piłkarz % Poprawnych
Norwich - Liverpool 0:3 Salah
88%
Manchester United - Leeds 1:0 Fernandes
78%
Manchester United - Leeds 3:1 Fernandes
78%
Manchester United - Leeds 4:1 Fernandes
78%
Tottenham - Manchester City 1:0 Son
76%
Norwich - Liverpool 0:2 Firmino
73%
Norwich - Liverpool 0:1 Jota
59%
Manchester United - Leeds 5:1 Fred
57%
Newcastle - West Ham 2:4 Antonio
55%
Leicester - Wolves 1:0 Vardy
47%
Everton - Southampton 3:1 Calvert-Lewin
45%
Manchester United - Leeds 2:1 Greenwood
45%
Watford - Aston Villa 3:2 Ings
43%
Newcastle - West Ham 1:0 Wilson
43%
Burnley - Brighton 1:1 Maupay
41%
Chelsea - Crystal Palace 2:0 Pulisic
39%
Everton - Southampton 1:1 Richarlison
39%
Chelsea - Crystal Palace 1:0 Alonso
37%
Newcastle - West Ham 2:2 Benrahma
33%
Manchester United - Leeds 1:1 Ayling
31%
Watford - Aston Villa 2:0 Sarr
31%
Newcastle - West Ham 2:3 Soucek
29%
Chelsea - Crystal Palace 3:0 Chalobah
27%
Everton - Southampton 0:1 Armstrong
24%
Watford - Aston Villa 1:0 Dennis
22%
Burnley - Brighton 1:2 Mac Allister
22%
Burnley - Brighton 1:0 Tarkowski
22%
Brentford - Arsenal 2:0 Norgaard
20%
Brentford - Arsenal 1:0 Canos
18%
Newcastle - West Ham 1:1 Cresswell
18%
Everton - Southampton 2:1 Doucoure
16%
Watford - Aston Villa 3:1 McGinn
12%
Watford - Aston Villa 3:0 Cucho
8%
Newcastle - West Ham 2:1 Murphy
2%
Nie znaleziono quizów pasujących do podanych kryteriów
Rozkład punktacji
Procent ludzi z każdym wynikiem
Percentyl według liczby udzielonych odpowiedzi
Twoja historia wyników
Nie rozwiązałeś tego quizu